Princípy návrhu kamerového systému v montážnych procesoch

Salvato in:
Dettagli Bibliografici
Autore principale: Gemeri, Patrik (Autore)
Altri autori: Vetríková, Nina (Relatore della tesi)
Natura: Manoscritto Libro
Lingua:slovacco
Pubblicazione: 2015
Soggetti:
Accesso online:http://is.stuba.sk/zp/portal_zp.pl?podrobnosti=66553
Tags: Aggiungi Tag
Nessun Tag, puoi essere il primo ad aggiungerne!!

MARC

LEADER 00000ntm a22000003a 4500
001 stuzp50788
003 SK-STU
005 20160719153651.1
007 ta
008 150427s2015----xo-----f-mn---000-0-slo-d
040 |a STU  |b slo 
041 0 |a slo 
100 1 |a Gemeri, Patrik  |u 063000  |4 aut  |U MTF Materiálovotechnologická fakulta  |T MTF Ústav výrobných technológií  |X 37135  |U M3000  |Y 83  |7 37135 
242 0 1 |a The principles of designing the camera vission system in the assembly process  |y eng 
245 1 0 |a Princípy návrhu kamerového systému v montážnych procesoch 
260 |c 2015 
650 4 |a kamera  |2 slo 
650 4 |a snímač  |2 slo 
650 4 |a osvetlovač  |2 slo 
650 4 |a objektív  |2 slo 
650 4 |a sensor  |2 eng 
650 4 |a camera  |2 eng 
650 4 |a lens  |2 eng 
650 4 |a illuminative  |2 eng 
700 1 |a Vetríková, Nina  |4 ths  |X 10114  |7 A000010114 
856 4 |u http://is.stuba.sk/zp/portal_zp.pl?podrobnosti=66553 
996 |c M* BP-7187  |l MMSKP  |s P  |a 0  |w stuzp50788_0001 
SQL |a stuzp50788  |b DBP  |c SLO  |d Princípy návrhu kamerového systému v montážnych procesoch  |e 37135  |f Gemeri, Patrik  |g 063000  |h 10114  |i Vetríková, Nina  |j 20150701  |k 179  |l 06  |m http://is.stuba.sk/zp/portal_zp.pl?podrobnosti=66553  |n B-VZS  |o 5.2.50. výrobná technika